|
|
|
แสดงรายละเอียดบรรณานุกรม |
|
|
Brief Record
: Get Marc (ISO 2709)
: E-mail record
: |
|
|
| LEADER 01174nam 2200277 a 4500 | |||
| 001 13399141853 | |||
| 003 ULIBM | |||
| 008 030417s|||| caua sb 001 0 eng | |||
| 099 ^aAR-Thesis-00768 | |||
| 100 ^aสุเมธ มาละศรี | |||
| 245 ^aศูนย์ศึกษาธรรมชาติวิทยาป่าผืนสุดท้าย (ทุ่งกบาลกระไบ) | |||
| 250 ^a2560 | |||
| 260 ^a2560 | |||
| 913 ^aImported by ULIBM Administrator | |||
| 949 ^aImport form external file by ULIBM system | |||
| คุณยังไม่ได้ล็อกอิน คุณสามารถมีกิจกรรมร่วมกับเว็บไซต์ได้ แต่ต้องล็อกอินก่อน :: |
|
| สถานะ | |||||||||
| 1. | วิทยานิพนธ์ | AR-Thesis-00768 Barcode: 131455 | ►วิทยานิพนธ์ | On Shelf ขอยืม | |||||
| [แสดง 1/1 รายการ] | |||||||||
| รายการใกล้เคียง ชื่อเรื่อง [ศูนย์ศึกษาธรรมชาติวิทยาป่าผืนสุดท้าย (ทุ่งกบาลกระไบ)] ผู้แต่ง [สุเมธ มาละศรี] |
BibComment |
| คอมเมนท์ทรัพยากรรายการนี้ |
|
|